000 00683nam a22002177a 4500
003 DO-SdBNP
005 20171128114828.0
008 171128b 1975 nyu ||||| |||| 00| 0 spa d
040 _aBPMSU
_bspa
_cBPMSU
092 _axxxx
_bxxxx
245 0 0 _aScience :
_bunderstanding your environment /
_cGeorge G. Mallinson... [et al].
260 _aMorristown, New Jersey :
_bSilver Burdett,
_c1975.
300 _a176 p. :
_bil“;
_c25 cm.
700 1 _aMallinson, George G.
700 1 _aMallinson, Jacqueline B.
700 1 _aEllwood, Esther P.
700 1 _aSilva, Lorraine Z.
942 _2ddc
_cBK
945 _aInventariado 2017
956 _aLOPEREZ
_b10
_c20171128
_h0041
999 _c13165
_d13165